00366pab a2200133 454500008004000000100001900040245006100059260000900120300001300129362001000142650003400152650001200186773003400198180718b2014 xxu||||| |||| 00| 0 eng d aGoel, Nagendra aWhy the Maharashtra Housing Act, 2012 should be repealed c2014 ap.18-20. a7 Jun aHousing - India - Maharashtra aHousing aEconomic and Political Weekly